[Event "Deutsche Ländermeisterschaft 2019"]
[Site "Würzburg GER"]
[Date "2019.10.04"]
[Round "5"]
[White "Kololli, Martin"]
[Black "Pallas, Sebastian"]
[Result "1-0"]
[Termination "normal"]
[Board "1.3"]
[WhiteTitle "FM"]
[WhiteElo "2310"]
[BlackElo "2291"]
[WhiteClock "00:29:40"]
[BlackClock "00:24:23"]
[WhiteTeam "Schleswig-Holstein"]
[BlackTeam "Sachsen-Anhalt"]
[PlyCount "89"]
[WhiteFideId "12936910"]
[BlackFideId "12905453"]
[EventCountry "GER"]
[EventRounds "7"]
[EventType "team-swiss"]
[EventDate "2019.10.01"]

1. e4 {[%clk 1:30:56]} c5 {[%clk 1:30:46]} 2. c3 {[%clk 1:31:22]} Nf6 {[%clk
1:31:03]} 3. e5 {[%clk 1:31:46]} Nd5 {[%clk 1:31:22]} 4. d4 {[%clk 1:32:11]}
cxd4 {[%clk 1:31:38]} 5. Nf3 {[%clk 1:32:36]} d6 {[%clk 1:30:04]} 6. Bc4 {[%clk
1:32:28]} e6 {[%clk 1:30:01]} 7. cxd4 {[%clk 1:32:50]} Nc6 {[%clk 1:29:53]} 8.
O-O {[%clk 1:32:16]} Be7 {[%clk 1:28:20]} 9. exd6 {[%clk 1:32:35]} Bxd6 {[%clk
1:23:32]} 10. Nc3 {[%clk 1:31:22]} Nxc3 {[%clk 1:15:55]} 11. bxc3 {[%clk
1:31:20]} O-O {[%clk 1:15:56]} 12. Re1 {[%clk 1:13:50]} Qa5 {[%clk 1:03:28]}
13. Qc2 {[%clk 1:08:56]} h6 {[%clk 0:50:41]} 14. Bd2 {[%clk 1:07:25]} Qh5
{[%clk 0:42:33]} 15. Qe4 {[%clk 1:00:27]} Ne7 {[%clk 0:38:24]} 16. Rab1 {[%clk
0:53:27]} Bd7 {[%clk 0:34:57]} 17. Bd3 {[%clk 0:50:54]} f5 {[%clk 0:29:48]} 18.
Qe2 {[%clk 0:49:59]} b6 {[%clk 0:23:23]} 19. Bb5 {[%clk 0:42:02]} Bc8 {[%clk
0:23:45]} 20. Ne5 {[%clk 0:41:39]} Qxe2 {[%clk 0:24:01]} 21. Rxe2 {[%clk
0:42:03]} Bxe5 {[%clk 0:18:58]} 22. Rxe5 {[%clk 0:42:14]} Kf7 {[%clk 0:18:01]}
23. Bc4 {[%clk 0:38:48]} Rd8 {[%clk 0:18:03]} 24. Rbe1 {[%clk 0:38:29]} Nd5
{[%clk 0:18:27]} 25. Bd3 {[%clk 0:36:53]} Nf6 {[%clk 0:17:37]} 26. Bc2 {[%clk
0:33:18]} Rd5 {[%clk 0:09:50]} 27. R5e2 {[%clk 0:29:28]} Rd6 {[%clk 0:08:37]}
28. Bb3 {[%clk 0:24:54]} Bd7 {[%clk 0:05:17]} 29. Bf4 {[%clk 0:23:38]} Rc6
{[%clk 0:05:45]} 30. c4 {[%clk 0:23:28]} Re8 {[%clk 0:04:54]} 31. f3 {[%clk
0:17:14]} Rcc8 {[%clk 0:04:44]} 32. d5 {[%clk 0:16:27]} exd5 {[%clk 0:03:19]}
33. cxd5 {[%clk 0:16:42]} g5 {[%clk 0:03:35]} 34. Bd2 {[%clk 0:14:06]} a5
{[%clk 0:02:29]} 35. d6+ {[%clk 0:13:42]} Kg6 {[%clk 0:02:50]} 36. Re7 {[%clk
0:14:04]} Rxe7 {[%clk 0:02:58]} 37. Rxe7 {[%clk 0:13:10]} f4 {[%clk 0:03:22]}
38. Bf7+ {[%clk 0:10:26]} Kf5 {[%clk 0:03:44]} 39. g4+ {[%clk 0:09:42]} fxg3
{[%clk 0:04:11]} 40. hxg3 {[%clk 0:10:04]} g4 {[%clk 0:02:17]} 41. f4 {[%clk
0:29:21]} Rc5 {[%clk 0:27:14]} 42. Be3 {[%clk 0:29:20]} Rb5 {[%clk 0:27:36]}
43. Bb3 {[%clk 0:29:17]} Kg6 {[%clk 0:26:22]} 44. f5+ {[%clk 0:29:18]} Kh5
{[%clk 0:24:23]} 45. Bf7# {[%clk 0:29:40]} 1-0

[Event "Deutsche Ländermeisterschaft 2019"]
[Site "Würzburg GER"]
[Date "2019.10.04"]
[Round "5"]
[White "Dietz, Kristin"]
[Black "Rempe, Jonas"]
[Result "1/2-1/2"]
[Termination "normal"]
[Board "1.6"]
[WhiteElo "1948"]
[BlackElo "1816"]
[WhiteClock "00:13:47"]
[BlackClock "00:32:20"]
[WhiteTeam "Sachsen-Anhalt"]
[BlackTeam "Schleswig-Holstein"]
[PlyCount "144"]
[WhiteFideId "12993743"]
[BlackFideId "16202406"]
[EventCountry "GER"]
[EventRounds "7"]
[EventType "team-swiss"]
[EventDate "2019.10.01"]

1. e4 {[%clk 1:30:59]} e5 {[%clk 1:30:55]} 2. Nf3 {[%clk 1:31:22]} Nc6 {[%clk
1:31:22]} 3. Bb5 {[%clk 1:31:40]} a6 {[%clk 1:31:48]} 4. Ba4 {[%clk 1:31:58]}
Nf6 {[%clk 1:32:14]} 5. O-O {[%clk 1:32:15]} Be7 {[%clk 1:32:42]} 6. Re1 {[%clk
1:32:26]} b5 {[%clk 1:33:08]} 7. Bb3 {[%clk 1:32:49]} O-O {[%clk 1:33:34]} 8.
c3 {[%clk 1:32:26]} d5 {[%clk 1:34:01]} 9. exd5 {[%clk 1:28:46]} Nxd5 {[%clk
1:34:29]} 10. Nxe5 {[%clk 1:20:17]} Nxe5 11. Rxe5 {[%clk 1:20:33]} c6 {[%clk
1:35:24]} 12. d4 {[%clk 1:17:05]} Bd6 {[%clk 1:35:47]} 13. Re1 {[%clk 1:16:20]}
Qh4 {[%clk 1:36:12]} 14. g3 {[%clk 1:16:14]} Qh3 {[%clk 1:36:37]} 15. Qf3 Bg4
{[%clk 1:37:02]} 16. Qg2 {[%clk 1:15:47]} Qh5 {[%clk 1:37:28]} 17. Be3 {[%clk
1:11:06]} Bf3 {[%clk 1:33:03]} 18. Qf1 {[%clk 1:11:30]} f5 {[%clk 1:33:28]} 19.
Nd2 {[%clk 1:11:04]} f4 {[%clk 1:33:37]} 20. Bxf4 {[%clk 1:05:48]} Rxf4 {[%clk
1:25:40]} 21. Nxf3 {[%clk 1:05:41]} Rxf3 {[%clk 1:25:48]} 22. Bd1 {[%clk
1:05:59]} Raf8 {[%clk 1:23:20]} 23. Bxf3 {[%clk 0:57:48]} Qxf3 {[%clk 1:23:41]}
24. Qe2 {[%clk 0:57:30]} Qxe2 {[%clk 1:20:28]} 25. Rxe2 {[%clk 0:57:58]} Kf7
{[%clk 1:20:57]} 26. Rae1 {[%clk 0:58:04]} Rd8 {[%clk 1:20:34]} 27. Kg2 {[%clk
0:56:46]} Rd7 {[%clk 1:20:47]} 28. h4 {[%clk 0:53:19]} Re7 {[%clk 1:19:21]} 29.
Rxe7+ {[%clk 0:53:11]} Bxe7 {[%clk 1:19:44]} 30. f4 {[%clk 0:53:29]} Bf6 {[%clk
1:20:04]} 31. Kf3 {[%clk 0:53:00]} Nb6 {[%clk 1:19:47]} 32. Rh1 {[%clk
0:50:32]} Na4 {[%clk 1:11:14]} 33. Rh2 {[%clk 0:49:18]} g6 {[%clk 0:58:21]} 34.
g4 {[%clk 0:48:14]} b4 {[%clk 0:57:58]} 35. g5 {[%clk 0:48:28]} bxc3 {[%clk
0:58:09]} 36. bxc3 {[%clk 0:48:47]} Bg7 {[%clk 0:58:27]} 37. Rc2 {[%clk
0:48:56]} Ke6 {[%clk 0:56:39]} 38. Ke4 {[%clk 0:49:00]} Bf8 {[%clk 0:52:58]}
39. c4 {[%clk 0:48:15]} Bg7 {[%clk 0:46:43]} 40. h5 {[%clk 0:32:58]} Nb6 {[%clk
0:43:19]} 41. h6 {[%clk 0:28:40]} Bf8 {[%clk 0:43:08]} 42. a4 {[%clk 0:16:58]}
a5 {[%clk 0:26:04]} 43. d5+ {[%clk 0:15:20]} cxd5+ {[%clk 0:25:43]} 44. cxd5+
{[%clk 0:15:48]} Nxd5 {[%clk 0:26:11]} 45. Rc8 {[%clk 0:15:59]} Bd6 {[%clk
0:20:12]} 46. Re8+ {[%clk 0:11:40]} Be7 {[%clk 0:08:54]} 47. Rh8 {[%clk
0:11:34]} Bd6 {[%clk 0:09:22]} 48. Rxh7 {[%clk 0:10:52]} Bxf4 {[%clk 0:09:23]}
49. Rg7 {[%clk 0:11:05]} Bxg5 {[%clk 0:09:21]} 50. h7 {[%clk 0:09:26]} Nf6+
{[%clk 0:09:35]} 51. Kf3 {[%clk 0:09:10]} Nxh7 {[%clk 0:09:40]} 52. Rxh7 {[%clk
0:09:33]} Bd2 {[%clk 0:09:10]} 53. Kg4 {[%clk 0:07:59]} Bb4 {[%clk 0:09:10]}
54. Kg5 {[%clk 0:07:06]} Kd5 {[%clk 0:09:26]} 55. Rh3 {[%clk 0:13:54]} Kc4
{[%clk 0:39:11]} 56. Kxg6 {[%clk 0:14:04]} Bc5 {[%clk 0:38:41]} 57. Kf5 {[%clk
0:14:21]} Kb4 {[%clk 0:36:28]} 58. Rh4+ {[%clk 0:14:31]} Kb3 {[%clk 0:34:36]}
59. Ke5 {[%clk 0:14:40]} Bb4 {[%clk 0:33:41]} 60. Kd4 {[%clk 0:14:50]} Kxa4
{[%clk 0:32:42]} 61. Kc4 {[%clk 0:14:59]} Ka3 {[%clk 0:32:46]} 62. Rh2 {[%clk
0:14:38]} Be1 {[%clk 0:32:12]} 63. Rg2 {[%clk 0:14:20]} Bb4 {[%clk 0:32:03]}
64. Re2 {[%clk 0:14:35]} Bf8 {[%clk 0:31:55]} 65. Kc3 {[%clk 0:13:12]} Bb4+
{[%clk 0:31:49]} 66. Kc2 {[%clk 0:13:12]} Bf8 {[%clk 0:31:42]} 67. Kc3 {[%clk
0:12:14]} Bb4+ {[%clk 0:32:02]} 68. Kc4 {[%clk 0:12:40]} Bf8 {[%clk 0:32:13]}
69. Kb5 {[%clk 0:13:06]} Bb4 {[%clk 0:32:27]} 70. Re3+ {[%clk 0:13:18]} Kb2
{[%clk 0:32:50]} 71. Kc4 {[%clk 0:13:27]} Kc2 {[%clk 0:32:12]} 72. Re2+ {[%clk
0:13:47]} Bd2 {[%clk 0:32:20]} 1/2-1/2

[Event "Deutsche Ländermeisterschaft 2019"]
[Site "Würzburg GER"]
[Date "2019.10.04"]
[Round "5"]
[White "Ermitsch, Magnus"]
[Black "Müdder, Melanie"]
[Result "1-0"]
[Termination "normal"]
[Board "2.6"]
[WhiteElo "1671"]
[BlackElo "1964"]
[WhiteClock "00:14:58"]
[BlackClock "00:00:58"]
[WhiteTeam "Berlin"]
[BlackTeam "Nordrhein-Westfalen"]
[PlyCount "63"]
[WhiteFideId "16234464"]
[BlackFideId "12994103"]
[EventCountry "GER"]
[EventRounds "7"]
[EventType "team-swiss"]
[EventDate "2019.10.01"]

1. e4 {[%clk 1:30:25]} c5 {[%clk 1:30:54]} 2. Nf3 {[%clk 1:29:56]} Nc6 {[%clk
1:31:15]} 3. d4 {[%clk 1:29:47]} cxd4 {[%clk 1:31:38]} 4. Nxd4 {[%clk 1:29:47]}
e5 {[%clk 1:31:55]} 5. Nb5 {[%clk 1:29:42]} d6 {[%clk 1:32:13]} 6. N1c3 {[%clk
1:29:33]} a6 {[%clk 1:32:35]} 7. Na3 {[%clk 1:29:31]} Be6 {[%clk 1:32:52]} 8.
Be3 {[%clk 1:23:35]} Nf6 {[%clk 1:19:51]} 9. Be2 {[%clk 1:20:15]} b5 {[%clk
1:15:19]} 10. Nd5 {[%clk 1:20:06]} Rb8 {[%clk 1:07:16]} 11. O-O {[%clk
1:03:12]} Be7 {[%clk 0:56:14]} 12. f3 {[%clk 0:55:01]} O-O {[%clk 0:51:41]} 13.
Nxf6+ {[%clk 0:48:26]} Bxf6 {[%clk 0:51:56]} 14. c4 {[%clk 0:44:32]} bxc4
{[%clk 0:44:57]} 15. Bxc4 {[%clk 0:38:38]} Be7 {[%clk 0:28:42]} 16. Qd2 {[%clk
0:32:13]} a5 {[%clk 0:18:33]} 17. Rad1 {[%clk 0:29:00]} Qc8 {[%clk 0:15:25]}
18. Bd5 {[%clk 0:24:24]} Nb4 {[%clk 0:12:32]} 19. Ba7 {[%clk 0:23:07]} Bxd5
{[%clk 0:10:03]} 20. Bxb8 {[%clk 0:22:57]} Bxa2 {[%clk 0:09:44]} 21. Bxd6
{[%clk 0:22:14]} Rd8 {[%clk 0:07:35]} 22. Bxe7 {[%clk 0:22:37]} Rxd2 {[%clk
0:07:11]} 23. Rxd2 {[%clk 0:23:02]} Nd5 {[%clk 0:05:02]} 24. exd5 {[%clk
0:22:38]} f6 {[%clk 0:04:45]} 25. d6 {[%clk 0:21:30]} Be6 {[%clk 0:04:59]} 26.
Rfd1 {[%clk 0:19:56]} Bd7 {[%clk 0:04:49]} 27. Rc2 {[%clk 0:18:31]} Qb7 {[%clk
0:02:41]} 28. Rc7 {[%clk 0:17:51]} Qb3 29. Rb1 {[%clk 0:14:56]} Qe3+ {[%clk
0:01:25]} 30. Kh1 {[%clk 0:14:57]} Bh3 {[%clk 0:00:54]} 31. d7 {[%clk 0:14:15]}
Bxg2+ {[%clk 0:00:58]} 32. Kxg2 {[%clk 0:14:58]} 1-0

[Event "Deutsche Ländermeisterschaft 2019"]
[Site "Würzburg GER"]
[Date "2019.10.04"]
[Round "5"]
[White "Bungarten, Jona"]
[Black "Schnabel, Luise"]
[Result "1/2-1/2"]
[Termination "normal"]
[Board "2.7"]
[WhiteElo "1669"]
[BlackElo "1900"]
[WhiteClock "00:54:49"]
[BlackClock "00:14:25"]
[WhiteTeam "Nordrhein-Westfalen"]
[BlackTeam "Berlin"]
[PlyCount "49"]
[WhiteFideId "16223608"]
[BlackFideId "12943347"]
[EventCountry "GER"]
[EventRounds "7"]
[EventType "team-swiss"]
[EventDate "2019.10.01"]

1. e4 {[%clk 1:30:59]} Nf6 {[%clk 1:30:49]} 2. e5 {[%clk 1:31:18]} Nd5 {[%clk
1:31:11]} 3. d4 {[%clk 1:31:43]} d6 {[%clk 1:31:21]} 4. Bc4 {[%clk 1:32:01]} e6
{[%clk 1:29:15]} 5. Nf3 {[%clk 1:30:55]} Nb6 {[%clk 1:25:18]} 6. Bb3 {[%clk
1:31:13]} Nc6 {[%clk 1:22:22]} 7. O-O {[%clk 1:30:09]} Be7 {[%clk 1:20:34]} 8.
Nc3 {[%clk 1:28:12]} O-O {[%clk 1:15:47]} 9. Qe2 {[%clk 1:26:41]} Bd7 {[%clk
1:11:52]} 10. Ne4 {[%clk 1:25:47]} Na5 {[%clk 1:05:05]} 11. Bf4 {[%clk
1:23:00]} Bc6 {[%clk 1:01:17]} 12. exd6 {[%clk 1:18:23]} cxd6 {[%clk 1:00:22]}
13. Rad1 {[%clk 1:17:54]} Nxb3 {[%clk 0:54:42]} 14. axb3 {[%clk 1:18:15]} Nd5
{[%clk 0:53:54]} 15. Bg3 {[%clk 1:17:53]} Nf6 {[%clk 0:50:24]} 16. Nfd2 {[%clk
1:14:46]} Rc8 {[%clk 0:44:50]} 17. c4 {[%clk 1:13:12]} d5 {[%clk 0:33:42]} 18.
Nc3 {[%clk 1:12:19]} dxc4 {[%clk 0:31:28]} 19. Nxc4 {[%clk 1:12:31]} a6 {[%clk
0:26:34]} 20. Rfe1 {[%clk 1:11:27]} Bd5 {[%clk 0:23:42]} 21. f3 {[%clk
1:07:03]} b5 {[%clk 0:19:38]} 22. Nxd5 {[%clk 1:00:33]} Nxd5 {[%clk 0:19:15]}
23. Ne5 {[%clk 0:58:58]} Nb4 {[%clk 0:15:01]} 24. Rd2 {[%clk 0:57:32]} Qd5
{[%clk 0:14:25]} 25. Qd1 {[%clk 0:54:49]} 1/2-1/2

[Event "Deutsche Ländermeisterschaft 2019"]
[Site "Würzburg GER"]
[Date "2019.10.04"]
[Round "5"]
[White "Wiesner, Paula"]
[Black "Sereda, Yaroslava"]
[Result "1/2-1/2"]
[Termination "normal"]
[Board "2.8"]
[WhiteElo "1958"]
[BlackElo "1687"]
[WhiteClock "00:31:40"]
[BlackClock "00:03:04"]
[WhiteTeam "Berlin"]
[BlackTeam "Nordrhein-Westfalen"]
[PlyCount "117"]
[WhiteFideId "24654019"]
[BlackFideId "14178940"]
[EventCountry "GER"]
[EventRounds "7"]
[EventType "team-swiss"]
[EventDate "2019.10.01"]

1. d4 {[%clk 1:30:58]} Nf6 {[%clk 1:30:54]} 2. c4 {[%clk 1:31:22]} g6 {[%clk
1:31:19]} 3. Nc3 {[%clk 1:31:48]} d5 {[%clk 1:31:40]} 4. cxd5 {[%clk 1:31:52]}
Nxd5 {[%clk 1:32:03]} 5. e4 {[%clk 1:32:13]} Nxc3 {[%clk 1:32:17]} 6. bxc3
{[%clk 1:32:39]} Bg7 {[%clk 1:32:35]} 7. Bc4 {[%clk 1:33:04]} c5 {[%clk
1:32:49]} 8. Ne2 {[%clk 1:33:22]} O-O {[%clk 1:32:53]} 9. O-O {[%clk 1:33:13]}
Nc6 {[%clk 1:33:00]} 10. Be3 {[%clk 1:30:02]} Qc7 {[%clk 1:26:55]} 11. Qc2
{[%clk 1:19:53]} b6 {[%clk 1:11:08]} 12. dxc5 {[%clk 1:13:01]} Ne5 {[%clk
1:07:24]} 13. Bd5 {[%clk 1:11:55]} Rb8 {[%clk 1:06:44]} 14. cxb6 {[%clk
1:11:16]} axb6 {[%clk 1:06:43]} 15. Rfd1 {[%clk 1:05:04]} e6 {[%clk 1:04:13]}
16. Bb3 {[%clk 1:05:03]} Ba6 {[%clk 0:58:26]} 17. Bd4 {[%clk 0:58:27]} Ng4
{[%clk 0:45:18]} 18. f4 {[%clk 0:52:49]} Bxd4+ {[%clk 0:41:48]} 19. Rxd4 {[%clk
0:51:21]} Bxe2 {[%clk 0:34:16]} 20. Qxe2 {[%clk 0:51:43]} Qxf4 {[%clk 0:26:46]}
21. g3 {[%clk 0:50:48]} Qg5 {[%clk 0:25:21]} 22. Qd2 {[%clk 0:46:45]} Qxd2
{[%clk 0:21:54]} 23. Rxd2 {[%clk 0:47:10]} Ne5 {[%clk 0:21:32]} 24. Rd6 {[%clk
0:46:13]} Rfc8 {[%clk 0:21:01]} 25. Rc1 {[%clk 0:44:26]} b5 {[%clk 0:18:55]}
26. a4 {[%clk 0:42:07]} bxa4 {[%clk 0:18:28]} 27. Bxa4 {[%clk 0:42:28]} Rc5
{[%clk 0:18:17]} 28. Ra6 {[%clk 0:37:59]} Rbc8 {[%clk 0:14:43]} 29. Kg2 {[%clk
0:36:19]} Rxc3 {[%clk 0:13:42]} 30. Rxc3 {[%clk 0:36:44]} Rxc3 {[%clk 0:14:00]}
31. Ra5 {[%clk 0:36:51]} Ra3 {[%clk 0:08:19]} 32. Rxe5 {[%clk 0:36:22]} Rxa4
{[%clk 0:08:43]} 33. Kf3 {[%clk 0:35:15]} Kg7 {[%clk 0:06:33]} 34. Kf4 {[%clk
0:33:15]} Kf6 {[%clk 0:05:05]} 35. Rb5 {[%clk 0:33:15]} h6 {[%clk 0:03:56]} 36.
h4 {[%clk 0:30:28]} g5+ {[%clk 0:02:08]} 37. hxg5+ {[%clk 0:30:48]} hxg5+
{[%clk 0:02:26]} 38. Kf3 {[%clk 0:30:11]} Kg6 {[%clk 0:01:47]} 39. Rb6 {[%clk
0:26:43]} Kh5 {[%clk 0:01:10]} 40. Rb7 {[%clk 0:24:55]} Ra3+ {[%clk 0:01:06]}
41. Kf2 {[%clk 0:23:34]} f5 {[%clk 0:21:01]} 42. exf5 {[%clk 0:52:58]} exf5
{[%clk 0:20:54]} 43. Rb4 {[%clk 0:51:10]} Rc3 {[%clk 0:12:07]} 44. Ra4 {[%clk
0:50:08]} g4 {[%clk 0:07:11]} 45. Ra6 {[%clk 0:48:17]} Rf3+ {[%clk 0:05:36]}
46. Kg2 {[%clk 0:48:37]} Kg5 {[%clk 0:05:23]} 47. Rb6 {[%clk 0:47:56]} Rc3
{[%clk 0:05:26]} 48. Kf2 {[%clk 0:44:40]} Rc2+ {[%clk 0:05:07]} 49. Kf1 {[%clk
0:44:14]} Rc5 {[%clk 0:04:46]} 50. Kf2 {[%clk 0:42:38]} Rc8 {[%clk 0:04:17]}
51. Re6 {[%clk 0:42:05]} Rf8 {[%clk 0:03:25]} 52. Ke3 {[%clk 0:39:50]} Rf6
{[%clk 0:02:40]} 53. Re8 {[%clk 0:39:12]} Rd6 {[%clk 0:02:43]} 54. Rf8 {[%clk
0:32:27]} Rf6 {[%clk 0:02:02]} 55. Rg8+ {[%clk 0:32:02]} Rg6 {[%clk 0:02:17]}
56. Rf8 {[%clk 0:32:05]} Rf6 {[%clk 0:02:31]} 57. Rg8+ {[%clk 0:32:14]} Rg6
{[%clk 0:02:46]} 58. Rf8 {[%clk 0:31:40]} Rf6 {[%clk 0:03:04]} 59. Ke4 1/2-1/2

[Event "Deutsche Ländermeisterschaft 2019"]
[Site "Würzburg GER"]
[Date "2019.10.04"]
[Round "5"]
[White "Herbrig, Alexander"]
[Black "Vuckovic, Zarko"]
[Result "1-0"]
[Termination "normal"]
[Board "3.1"]
[WhiteElo "2295"]
[BlackElo "2250"]
[WhiteClock "00:08:29"]
[BlackClock "00:47:04"]
[WhiteTeam "Sachsen"]
[BlackTeam "Bayern 1"]
[PlyCount "109"]
[WhiteFideId "12952044"]
[BlackFideId "12952087"]
[EventCountry "GER"]
[EventRounds "7"]
[EventType "team-swiss"]
[EventDate "2019.10.01"]

1. c4 {[%clk 1:30:58]} e5 {[%clk 1:30:56]} 2. Nc3 {[%clk 1:31:23]} Nc6 {[%clk
1:30:38]} 3. Nf3 {[%clk 1:31:47]} f5 {[%clk 1:31:05]} 4. d4 {[%clk 1:31:07]} e4
{[%clk 1:31:27]} 5. d5 {[%clk 1:27:53]} exf3 {[%clk 1:29:39]} 6. dxc6 {[%clk
1:28:16]} dxc6 {[%clk 1:30:07]} 7. Qxd8+ {[%clk 1:28:03]} Kxd8 {[%clk 1:30:35]}
8. gxf3 {[%clk 1:25:18]} Be6 {[%clk 1:30:47]} 9. Bg5+ {[%clk 1:21:33]} Be7
{[%clk 1:28:17]} 10. O-O-O+ {[%clk 1:21:38]} Ke8 {[%clk 1:28:44]} 11. Bxe7
{[%clk 1:19:08]} Nxe7 {[%clk 1:27:46]} 12. e3 {[%clk 1:18:18]} Kf7 {[%clk
1:25:46]} 13. f4 {[%clk 1:09:10]} Rad8 {[%clk 1:24:11]} 14. Bd3 {[%clk
1:08:13]} h6 {[%clk 1:15:18]} 15. h4 {[%clk 1:05:31]} Rd6 {[%clk 1:14:33]} 16.
Kc2 {[%clk 1:04:12]} Bc8 {[%clk 1:08:28]} 17. Ne2 {[%clk 0:59:10]} c5 {[%clk
1:07:26]} 18. Ng1 {[%clk 0:54:14]} Nc6 {[%clk 1:06:55]} 19. a3 {[%clk 0:53:37]}
Be6 {[%clk 1:06:00]} 20. Nf3 {[%clk 0:51:35]} Kf6 {[%clk 1:02:47]} 21. Rhg1
{[%clk 0:46:51]} Bf7 {[%clk 0:57:51]} 22. Rd2 {[%clk 0:25:20]} Rhd8 {[%clk
0:49:07]} 23. Kc3 {[%clk 0:24:01]} Bh5 {[%clk 0:42:56]} 24. Ne1 {[%clk
0:22:44]} a5 {[%clk 0:42:12]} 25. f3 {[%clk 0:18:08]} Re6 {[%clk 0:40:57]} 26.
e4 {[%clk 0:17:32]} Nd4 {[%clk 0:41:09]} 27. e5+ {[%clk 0:15:21]} Kf7 {[%clk
0:41:38]} 28. Bxf5 {[%clk 0:15:09]} Rb6 {[%clk 0:39:05]} 29. Bc2 {[%clk
0:15:26]} Re8 {[%clk 0:38:57]} 30. Bd1 {[%clk 0:15:27]} Rg6 {[%clk 0:31:50]}
31. Rxg6 {[%clk 0:12:28]} Kxg6 {[%clk 0:30:24]} 32. Rg2+ {[%clk 0:12:26]} Kf7
{[%clk 0:25:23]} 33. Bc2 {[%clk 0:11:51]} Ne6 {[%clk 0:24:01]} 34. Nd3 {[%clk
0:07:03]} Bg6 {[%clk 0:24:07]} 35. Nxc5 {[%clk 0:06:28]} Nxf4 {[%clk 0:24:31]}
36. Bxg6+ {[%clk 0:03:19]} Nxg6 {[%clk 0:24:59]} 37. e6+ {[%clk 0:03:17]} Kf6
{[%clk 0:25:28]} 38. Ne4+ {[%clk 0:02:10]} Kf5 {[%clk 0:25:57]} 39. h5 {[%clk
0:01:24]} Ne5 {[%clk 0:26:02]} 40. Rxg7 {[%clk 0:00:40]} Rxe6 {[%clk 0:23:33]}
41. Ng3+ {[%clk 0:28:28]} Kf6 {[%clk 0:51:11]} 42. Rxc7 {[%clk 0:26:42]} Nxf3
{[%clk 0:51:40]} 43. Kd3 {[%clk 0:22:50]} Rb6 {[%clk 0:47:58]} 44. Ne4+ {[%clk
0:21:11]} Ke5 {[%clk 0:47:30]} 45. Re7+ {[%clk 0:18:24]} Kf4 {[%clk 0:47:59]}
46. Kc3 {[%clk 0:14:40]} Ne5 {[%clk 0:46:37]} 47. Nc5 {[%clk 0:12:21]} Rc6
{[%clk 0:46:59]} 48. Ne6+ {[%clk 0:12:27]} Ke4 {[%clk 0:47:28]} 49. b3 {[%clk
0:12:24]} a4 {[%clk 0:47:48]} 50. Nd8 {[%clk 0:10:37]} Rf6 {[%clk 0:47:58]} 51.
bxa4 {[%clk 0:10:08]} Rf3+ {[%clk 0:46:01]} 52. Kb4 {[%clk 0:08:18]} Kd4 {[%clk
0:46:24]} 53. Ne6+ {[%clk 0:08:16]} Ke4 {[%clk 0:46:36]} 54. Nc5+ {[%clk
0:08:17]} Kd4 {[%clk 0:47:04]} 55. Nb3+ {[%clk 0:08:29]} 1-0

[Event "Deutsche Ländermeisterschaft 2019"]
[Site "Würzburg GER"]
[Date "2019.10.04"]
[Round "5"]
[White "Schneider, Jana"]
[Black "Nguyen, Alex Dac-Vuong"]
[Result "0-1"]
[Termination "normal"]
[Board "3.2"]
[WhiteTitle "FM"]
[WhiteElo "2239"]
[BlackElo "2128"]
[WhiteClock "00:00:40"]
[BlackClock "00:27:38"]
[WhiteTeam "Bayern 1"]
[BlackTeam "Sachsen"]
[PlyCount "124"]
[WhiteFideId "12924997"]
[BlackFideId "12984388"]
[EventCountry "GER"]
[EventRounds "7"]
[EventType "team-swiss"]
[EventDate "2019.10.01"]

1. e4 {[%clk 1:30:57]} c5 {[%clk 1:30:56]} 2. Nf3 {[%clk 1:31:20]} e6 {[%clk
1:31:20]} 3. d4 {[%clk 1:31:46]} cxd4 {[%clk 1:31:46]} 4. Nxd4 {[%clk 1:32:11]}
a6 {[%clk 1:32:11]} 5. Bd3 {[%clk 1:32:32]} Nf6 {[%clk 1:32:36]} 6. O-O {[%clk
1:31:52]} Qc7 {[%clk 1:33:01]} 7. Qe2 {[%clk 1:32:01]} d6 {[%clk 1:33:26]} 8.
c4 {[%clk 1:32:18]} g6 {[%clk 1:33:51]} 9. b3 {[%clk 1:31:06]} Bg7 {[%clk
1:34:01]} 10. Bb2 {[%clk 1:31:25]} O-O {[%clk 1:34:09]} 11. Nc3 {[%clk
1:30:10]} Nc6 {[%clk 1:24:03]} 12. Nxc6 {[%clk 1:29:48]} bxc6 {[%clk 1:23:28]}
13. Rfe1 {[%clk 1:23:55]} e5 {[%clk 1:17:08]} 14. Rad1 {[%clk 1:16:58]} Bg4
{[%clk 1:13:36]} 15. f3 {[%clk 1:17:16]} Be6 {[%clk 1:14:00]} 16. Na4 {[%clk
1:09:12]} c5 {[%clk 1:06:15]} 17. Qd2 {[%clk 1:03:59]} h5 {[%clk 1:03:43]} 18.
Bf1 {[%clk 1:00:10]} Rfd8 {[%clk 1:03:54]} 19. Bc3 {[%clk 0:56:41]} a5 {[%clk
1:03:53]} 20. Bb2 {[%clk 0:56:52]} Kh7 {[%clk 0:52:07]} 21. Nc3 {[%clk
0:56:34]} Qb6 {[%clk 0:52:14]} 22. Qc2 {[%clk 0:54:21]} Ng8 {[%clk 0:49:44]}
23. Nb5 {[%clk 0:51:05]} Ne7 {[%clk 0:47:52]} 24. a4 {[%clk 0:32:13]} Nc6
{[%clk 0:42:10]} 25. Bc1 {[%clk 0:30:18]} Nd4 {[%clk 0:42:19]} 26. Qc3 {[%clk
0:27:47]} Rf8 {[%clk 0:38:25]} 27. Rd3 {[%clk 0:24:47]} f5 {[%clk 0:36:24]} 28.
Bg5 {[%clk 0:23:19]} Rf7 {[%clk 0:36:28]} 29. Qd2 {[%clk 0:20:30]} fxe4 {[%clk
0:34:31]} 30. fxe4 {[%clk 0:20:25]} Raf8 {[%clk 0:34:48]} 31. Rg3 {[%clk
0:17:15]} Bg4 {[%clk 0:31:24]} 32. Rge3 {[%clk 0:09:57]} Qc6 {[%clk 0:23:48]}
33. h3 {[%clk 0:07:58]} Be6 {[%clk 0:23:35]} 34. Rd1 {[%clk 0:06:12]} Qb6
{[%clk 0:21:47]} 35. Rg3 {[%clk 0:05:38]} Bd7 {[%clk 0:20:00]} 36. Ra1 {[%clk
0:04:24]} Bc6 {[%clk 0:17:50]} 37. Qd3 {[%clk 0:04:02]} Qb8 {[%clk 0:17:03]}
38. Re1 {[%clk 0:03:57]} Bf6 {[%clk 0:15:31]} 39. Bxf6 {[%clk 0:02:18]} Rxf6
{[%clk 0:15:54]} 40. Be2 {[%clk 0:01:29]} Rf4 {[%clk 0:15:39]} 41. Bd1 {[%clk
0:26:33]} Qd8 {[%clk 0:45:28]} 42. Nxd4 {[%clk 0:22:51]} cxd4 {[%clk 0:45:18]}
43. Rf3 {[%clk 0:22:18]} Qh4 {[%clk 0:40:38]} 44. Qd2 {[%clk 0:20:05]} Rxf3
{[%clk 0:40:42]} 45. Bxf3 {[%clk 0:20:22]} g5 {[%clk 0:39:46]} 46. Qd1 {[%clk
0:11:10]} Kg6 {[%clk 0:39:19]} 47. Rf1 {[%clk 0:10:49]} Rf4 {[%clk 0:39:10]}
48. c5 {[%clk 0:07:41]} g4 {[%clk 0:38:29]} 49. Be2 {[%clk 0:06:20]} gxh3
{[%clk 0:38:05]} 50. Rxf4 {[%clk 0:06:01]} Qxf4 {[%clk 0:37:42]} 51. Bxh5+
{[%clk 0:04:42]} Kg5 {[%clk 0:37:49]} 52. cxd6 {[%clk 0:03:59]} Qxe4 {[%clk
0:36:02]} 53. Bf3 {[%clk 0:03:26]} Qe3+ {[%clk 0:36:18]} 54. Kh2 {[%clk
0:03:31]} e4 {[%clk 0:33:49]} 55. Bh5 {[%clk 0:03:30]} Bd7 {[%clk 0:31:13]} 56.
Qf1 {[%clk 0:02:16]} hxg2 {[%clk 0:30:05]} 57. Qxg2+ {[%clk 0:02:15]} Kxh5
{[%clk 0:30:26]} 58. Qf1 {[%clk 0:01:39]} Kg4 {[%clk 0:28:25]} 59. Qd1+ {[%clk
0:00:43]} Kh4 {[%clk 0:28:49]} 60. Qc2 {[%clk 0:00:43]} Qg3+ {[%clk 0:27:30]}
61. Kh1 {[%clk 0:01:08]} Kh3 {[%clk 0:27:20]} 62. Qe2 {[%clk 0:00:40]} Qf3+
{[%clk 0:27:38]} 0-1